Postacie z mitologii greckiej - Statystyki

Ogólne statystyki
  • Ten quiz został rozwiązany 4 795 razy
  • Średni wynik to 11 z 20
Statystyki odpowiedzi
Wskazówka Odpowiedź % Poprawnych
Leciał zbyt blisko Słońca Ikar
89%
Otworzyła pudełko pełne nieszczęść Pandora
85%
Popycha kamień pod górę przez całą wieczność Syzyf
85%
Dał ogień śmiertelnikom Prometeusz
80%
Siłacz, który wykonał 12 prac Herakles
79%
Grecki bohater wojny trojańskiej Achilles
74%
Jej spojrzenie może zamienić cię w kamień Meduza
70%
Odbył długą i dziwną tułaczkę do domu Odyseusz
70%
Skrzydlaty koń dosiadany przez Bellerophona Pegaz
66%
Zabił ojca i poślubił matkę Edyp
63%
Hades porwał ją, żeby została jego królową Persefona
59%
Trzyma niebiosa na swoich ramionach(nie Ziemia) Atlas
50%
Najlepszy wojownik Troi Hektor
49%
Zabił Minotaura Tezeusz
41%
Dzięki temu, że była piękna wyzwolono tysiące statków Helena
33%
Bogini niezgody Eris
30%
Bohater, który zabił powyższe Perseusz
30%
Strażnik czasu Chronos
29%
Lider Argonautów Jazon
27%
Przywódca trojan, który uciekł do Włoch Eneasz
10%
Nie znaleziono quizów pasujących do podanych kryteriów
Rozkład punktacji
Procent ludzi z każdym wynikiem
Percentyl według liczby udzielonych odpowiedzi
Twoja historia wyników
Nie rozwiązałeś tego quizu